Technology and international affairs

Shranjeno v:
Bibliografske podrobnosti
Glavni avtor: Szyliowicz, Joseph S.
Format: Knjiga
Jezik:Undetermined
Izdano: London Praeger 1981
Teme:
Oznake: Označite
Brez oznak, prvi označite!
Thư viện lưu trữ: Trung tâm Học liệu Trường Đại học Cần Thơ
LEADER 00500nam a2200181Ia 4500
001 CTU_106899
008 210402s9999 xx 000 0 und d
082 |a 303.483 
082 |b S999 
100 |a Szyliowicz, Joseph S. 
245 0 |a Technology and international affairs 
245 0 |c Joseph S. Szyliowicz 
260 |a London 
260 |b Praeger 
260 |c 1981 
650 |a Technology and international affairs 
904 |i Truc 
980 |a Trung tâm Học liệu Trường Đại học Cần Thơ